Slovensko : Sprístupnené jaskyne /

Salvato in:
Dettagli Bibliografici
Autori principali: Bella, P (Autore), Eliáš, M (Autore), Kasák, J (Autore)
Natura: Libro
Lingua:slovacco
Pubblicazione: Žilina : Knižné centrum, 1997
Tags: Aggiungi Tag
Nessun Tag, puoi essere il primo ad aggiungerne!!

MARC

LEADER 00000nam a22000003a 4500
001 stu30675
005 20150617225734.9
008 980202s1997----xo------------------slo-d
020 |a 80-88723-50-7 
040 |a STU  |b slo 
041 0 |a slo 
044 |a xo 
080 |a 552.1 
100 1 |a Bella, P  |4 aut 
245 1 |a Slovensko :  |b Sprístupnené jaskyne /  |c [aut]Bella,P.;Eliáš,M.;Kasák,J 
260 |a Žilina :  |b Knižné centrum,  |c 1997 
300 |a 62 s 
700 1 |a Eliáš, M  |4 aut 
700 1 |a Kasák, J  |4 aut 
996 |b 284V026999  |c V*45328/O-19879  |l VVT  |s A  |a 24  |w stu30675_0001